[Event "Groningen op"]
[Site "Groningen"]
[Date "1994.??.??"]
[Round "5"]
[White "Tregubov, Pavel V"]
[Black "Adler, Viktor"]
[Result "1/2-1/2"]
[WhiteElo "2545"]
[BlackElo "2405"]

1.d4 Nf6 2.Bg5 d5 3.Bxf6 exf6 4.e3 c6 5.Bd3 Qb6 6.b3 g6 7.Ne2 Bg7 8.c4 dxc4
9.bxc4 f5 10.O-O c5 11.Nbc3 Na6 12.Rb1 Qd8 13.Qa4+ Bd7 14.Qa3 Nb4 15.Rfd1 b6
16.dxc5 bxc5 17.e4 Bc6 18.Nd5 Bxd5 19.cxd5 O-O 20.Rbc1 Nxd3 21.Qxd3 fxe4
22.Qe3 Qa5 23.Rxc5 Qxa2 24.d6 a5 25.d7 a4 26.Qxe4 Qe6 27.Qxa8 Rxa8 28.Nf4 Qa6
29.d8=Q+ Rxd8 30.Rxd8+ Bf8 31.Rcc8 a3 32.Ra8 Qc4 33.Rxf8+ Kg7 34.Rg8+ Kh6
35.Rgc8 Qe4 36.Nd3 Qe2 37.Rc1 Qxd3 38.Ra1 f5  1/2-1/2

[Event "Groningen op"]
[Site "Groningen"]
[Date "1994.??.??"]
[Round "11"]
[White "Beshukov, Sergei"]
[Black "Milos, Gilberto"]
[Result "0-1"]
[WhiteElo "2495"]
[BlackElo "2575"]

1.d4 Nf6 2.Bg5 c5 3.Bxf6 gxf6 4.d5 Qb6 5.Qc1 f5 6.e3 Bg7 7.c3 Na6 8.Nh3 e5
9.Na3 Nc7 10.Qd2 Qg6 11.d6 Ne6 12.O-O-O b6 13.f4 Bb7 14.Rg1 O-O 15.fxe5 Bxe5
16.g3 Kh8 17.Bg2 Be4 18.Nf4 Qh6 19.Bxe4 fxe4 20.Qd5 Bg7 21.Qxe4 Rae8 22.Qf5 a6
23.Nc2 b5 24.Qh5 Nxf4 25.Qxh6 Ne2+ 26.Kd2 Bxh6 27.Kxe2 Re5 28.Rgf1 f5 29.Rf3 Kg7
30.Rdf1 Kg6 31.g4 Rf6 32.h4 Bg7 33.gxf5+ Rexf5 34.Rg1+ Kf7 35.Rxf5 Rxf5 36.Ne1 Rd5
37.Nf3 h6 38.e4 Rxd6 39.Ke3 Rg6 40.Rd1 Ke6 41.e5 Bxe5 42.Nxe5 Kxe5 43.Rxd7 Rg3+
44.Kf2 Rh3 45.Ra7 Rxh4 46.Rxa6 Rh2+ 47.Ke3 Rxb2 48.Rxh6 Rxa2 49.Rh5+ Kd6
50.Ke4 Rd2 51.Ke3 Rb2 52.c4 bxc4 53.Rh8 Ra2 54.Rh7 Kc6 55.Rh8 Kb5 56.Rb8+ Ka4
57.Rd8 Kb4 58.Rb8+ Kc3 59.Rc8 Ra1  0-1

[Event "EU-ch U18"]
[Site "Hania"]
[Date "1994.??.??"]
[Round "9"]
[White "Hausrath, Daniel"]
[Black "Banikas, Hristos"]
[Result "1-0"]
[WhiteElo "2320"]
[BlackElo "2315"]

1.d4 Nf6 2.Bg5 c5 3.Bxf6 gxf6 4.d5 Qb6 5.Qc1 f5 6.c3 d6 7.g3 Nd7 8.Na3 Nf6
9.Bg2 e6 10.dxe6 fxe6 11.Nh3 d5 12.Nf4 Bg7 13.O-O O-O 14.Rb1 Bd7 15.Rd1 Rae8
16.c4 d4 17.b4 cxb4 18.Nc2 a5 19.Nxd4 e5 20.Nd5 Nxd5 21.Bxd5+ Kh8 22.Nf3 Ba4
23.Rf1 Re7 24.a3 e4 25.Nh4 f4 26.axb4 axb4 27.gxf4 Qd6 28.e3 Bc3 29.Kh1 b5
30.Rg1 Qh6 31.Rg4 bxc4 32.Qg1 Bg7 33.Bxc4 Bd7 34.f5 Bxf5 35.Nxf5 Rxf5 36.Rxb4 Rf8
37.Bb3 Ra7 38.Bc2 Ra1 39.Rb1 Ra2 40.Rb7 Be5 41.Bxe4 Ra1 42.Rb1 Ra4 43.Rc1 Qh5
44.Qg2 Rxe4 45.Rxe4 Rg8 46.Rxe5 Qxe5 47.Qc6 Rf8 48.Rg1 Qb2 49.f4 Qb3 50.Qg2 Qf7
51.Qb2+ Qf6 52.Qxf6+ Rxf6 53.Rg3 Ra6 54.f5 Ra2 55.e4 h5 56.f6 h4 57.f7 Rxh2+
58.Kg1 hxg3 59.f8=Q+ Kh7 60.Qf5+ Kg7 61.Qg5+ Kf7 62.Qxg3 Rh6 63.Kf2 Rc6 64.Qb3+ Re6
65.Ke3 Ke7 66.Kd4 Rd6+ 67.Ke5 Rd7 68.Qg8 Rc7 69.Qg7+ Kd8 70.Qxc7+ Kxc7  1-0

[Event "Hastings op9495"]
[Site "Hastings"]
[Date "1994.??.??"]
[Round "?"]
[White "Grant, Alan"]
[Black "Arkell, Keith C"]
[Result "0-1"]
[WhiteElo "2560"]
[BlackElo "2470"]

1.d4 Nf6 2.Bg5 c5 3.d5 g6 4.Bxf6 exf6 5.e3 Bg7 6.c3 O-O 7.Ne2 b5 8.Nf4 b4
9.h4 f5 10.h5 d6 11.hxg6 hxg6 12.Bd3 Re8 13.Qc2 Qg5 14.g3 Nd7 15.Bb5 Rb8
16.Bxd7 Bxd7 17.Nd2 bxc3 18.bxc3 Bb5 19.Ne2 Qg4 20.f3 Qg5 21.Nf1 Rxe3 22.Nxe3 Qxe3
23.Kd1 Ba4 24.Qxa4 Rb2  0-1

[Event "FIN-ch"]
[Site "Helsinki"]
[Date "1994.??.??"]
[Round "?"]
[White "Manninen, Marko"]
[Black "Holmsten, Aleksei"]
[Result "1-0"]
[WhiteElo "2375"]
[BlackElo "2320"]

1.d4 Nf6 2.Bg5 d5 3.Nc3 e6 4.e4 dxe4 5.Nxe4 Nbd7 6.Bd3 Be7 7.Bxf6 Nxf6 8.Ng5 h6
9.N5f3 c5 10.Ne2 O-O 11.O-O Qc7 12.c3 b6 13.Ne5 Bb7 14.Re1 Rfd8 15.Rc1 Rac8
16.a3 Bd6 17.f4 Nd5 18.Qd2 f6 19.Ng6 f5 20.Rf1 c4 21.Bc2 Qf7 22.Ne5 Qh5 23.Ng3 Qh4
24.Rce1 Bxe5 25.Rxe5 Re8 26.Ba4 Re7 27.Qe1 Qf6 28.Qe2 Rf8 29.Bb5 Qh4 30.Qe1 Kh8
31.Rxe6 Rxe6 32.Qxe6 Nxf4 33.Qd6 Qh3 34.Qxf8+ Kh7 35.Qxf5+  1-0

[Event "FIN-ch"]
[Site "Helsinki"]
[Date "1994.??.??"]
[Round "?"]
[White "Manninen, Marko"]
[Black "Kekki, Petri"]
[Result "1/2-1/2"]
[WhiteElo "2375"]
[BlackElo "2275"]

1.d4 Nf6 2.Bg5 d5 3.Nc3 e6 4.e4 dxe4 5.Nxe4 Be7 6.Bxf6 gxf6 7.Nf3 Nd7 8.Bc4 f5
9.Ng3 Nb6 10.Bb3 c5 11.Qe2 Qc7 12.c3 Bd7 13.O-O c4 14.Bc2 h5 15.Ne5 h4 16.Nh5 Rg8
17.Rfe1 O-O-O 18.Nxf7 Rdf8 19.Ne5 f4 20.Qe4 Nd5 21.Nxd7 Qxd7 22.Bd1 Rf5 23.h3 Rgg5
24.Bg4 Rxh5 25.Qxe6 Qxe6 26.Rxe6 Kd8 27.Rae1 f3 28.Bxf3 Rxf3 29.gxf3 Bf6
30.R6e4 Rf5 31.Re8+ Kc7 32.Rf8 Rxf3 33.Rf7+ Kd6 34.Rxb7 Nf4 35.Rxa7 Nxh3+
36.Kg2 Ng5 37.Ra6+ Kd7 38.Ra7+ Kd6 39.Ra6+ Kd7 40.Ra7+  1/2-1/2

[Event "Honra"]
[Site "Honra"]
[Date "1994.??.??"]
[Round "8"]
[White "Amaral, Nuno"]
[Black "Morais, Vitor"]
[Result "1-0"]
[WhiteElo "2200"]
[BlackElo "2130"]

1.d4 Nf6 2.Bg5 c5 3.Bxf6 gxf6 4.c3 e6 5.e3 cxd4 6.exd4 Nc6 7.Nf3 d5 8.Bb5 Bd7
9.Qe2 a6 10.Ba4 h5 11.g3 Be7 12.Nbd2 b5 13.Bc2 Na5 14.Bd3 Nc4 15.Rb1 Rc8
16.O-O Kf8 17.Rfe1 f5 18.Bxc4 bxc4 19.h4 Rg8 20.Qe3 Bf6 21.Qh6+ Ke8 22.Qxh5 Qe7
23.Qh6 Bb5 24.Ne5 Kd8 25.Ndf3 Rc7 26.Re2 Kc8 27.Rbe1 Kb7 28.Qf4 Rg7 29.Kf1 Rc8
30.Ng5 Bxg5 31.hxg5 Rh8 32.Nf3 Rh5 33.Qxf5 Qd8 34.Qg4 Qh8 35.Re3 Qh7 36.Kg2 Rg8
37.Qf4 Ba4 38.Qd6 Qf5 39.Qe7+ Ka8 40.Nh4 Qxg5 41.Qxf7 Rxh4 42.Rxe6 Qg4 43.Rxa6+ Kb8
44.Rb6+ Kc8 45.Qb7+ Kd8 46.Rd6+  1-0

[Event "Horgen SKA"]
[Site "Horgen"]
[Date "1994.??.??"]
[Round "10"]
[White "Hodgson, Julian M"]
[Black "Schlosser, Philipp"]
[Result "1-0"]
[WhiteElo "2580"]
[BlackElo "2510"]

1.d4 Nf6 2.Bg5 c5 3.Bxf6 gxf6 4.d5 Qb6 5.Qc1 f5 6.c4 Bg7 7.Nc3 Qb4 8.e3 d6
9.f4 Nd7 10.Nf3 Nb6 11.Nd2 Bd7 12.Bd3 Bxc3 13.bxc3 Qa5 14.a4 Nxa4 15.Qc2 Qxc3
16.Rxa4 Qxc2 17.Bxc2 Bxa4 18.Bxa4+ Kd8 19.Kf2 e6 20.e4 a6 21.dxe6 fxe6 22.exf5 exf5
23.Re1 b5 24.cxb5 axb5 25.Bxb5 Ra2 26.Re2 d5 27.Bc6 d4 28.Bd5 Rc2 29.Bb3 Rc3
30.Be6 Re8 31.Bxf5 Rxe2+ 32.Kxe2 c4 33.Kd1  1-0

[Event "HUN-chT 9394"]
[Site "?"]
[Date "1994.??.??"]
[Round "?"]
[White "Donka, Peter"]
[Black "Bernei, Andras"]
[Result "1/2-1/2"]
[WhiteElo "2220"]
[BlackElo "2345"]

1.d4 Nf6 2.Bg5 c5 3.Bxf6 gxf6 4.d5 f5 5.Nc3 d6 6.e3 Nd7 7.Nge2 Bg7 8.Ng3 Qa5
9.Qd2 Bxc3 10.Qxc3 Qxc3+ 11.bxc3 Nf6 12.c4 e6 13.Bd3 Ke7 14.O-O  1/2-1/2

[Event "HUN-chT 9394"]
[Site "?"]
[Date "1994.??.??"]
[Round "?"]
[White "Donka, Peter"]
[Black "Besztercsenyi, Tibor"]
[Result "1-0"]
[WhiteElo "2220"]
[BlackElo "2300"]

1.d4 Nf6 2.Bg5 c5 3.Bxf6 gxf6 4.d5 Qb6 5.Qc1 f5 6.e3 Bg7 7.c3 e6 8.Nh3 h5
9.Be2 e5 10.Na3 Qg6 11.O-O d6 12.f4 e4 13.Rb1 Nd7 14.b4 O-O 15.Nc4 Rd8 16.a4 cxb4
17.cxb4 Nf6 18.Qd2 b6 19.Na3 Bb7 20.Bc4 Rac8 21.Rbc1 Bf8 22.a5 Ra8 23.a6 Bc8
24.Bb5 Ne8 25.Ng5 Be7 26.Nh3 Rb8 27.Rc4 Bd7 28.Rfc1 Kf8 29.Nf2 h4 30.Nd1 Bf6
31.Nc3 Bxc3 32.Qxc3 Nf6 33.Bc6 Bc8 34.Bb5 Bd7 35.Rc7 Rbc8 36.Qd4 Rxc7 37.Rxc7 h3
38.g3 Bxb5 39.Nxb5 Qg4  1-0

[Event "HUN-chT 9394"]
[Site "?"]
[Date "1994.??.??"]
[Round "?"]
[White "Donka, Peter"]
[Black "Kincs, Imre"]
[Result "1/2-1/2"]
[WhiteElo "2220"]
[BlackElo "2225"]

1.d4 Nf6 2.Bg5 d5 3.Bxf6 exf6 4.e3 Be6 5.Bd3 Nd7 6.Qf3 c5 7.c3 Qb6 8.b3 a5
9.Nd2 a4 10.Rb1 cxd4 11.exd4 Qc7 12.Ne2 axb3 13.axb3 Ra2 14.Nc1 Ra5 15.Ne2 g6
16.O-O Bd6 17.g3 O-O 18.Rfc1 Ra2 19.Nf1 Ba3 20.Ra1 Bxc1 21.Rxa2 Bh6 22.Ne3 Qd6
23.Bb5 Kg7 24.c4 dxc4 25.bxc4 Qb4 26.Rc2 Nb6 27.Nf4 Bxf4 28.gxf4 Ra8 29.Rc1 Qb2
30.Rd1 Ra1 31.d5 Bd7 32.Bxd7 Nxd7 33.Rxa1 Qxa1+ 34.Kg2 Qd4 35.Qg4 Qe4+ 36.Qf3 Qd3
37.Qd1 Qe4+ 38.Qf3 Qd3 39.Qd1 Qe4+ 40.Qf3  1/2-1/2

[Event "HUN-chT 9394"]
[Site "?"]
[Date "1994.??.??"]
[Round "?"]
[White "Donka, Peter"]
[Black "Siklosi, Zoltan"]
[Result "1-0"]
[WhiteElo "2220"]
[BlackElo "2365"]

1.d4 d5 2.Bg5 Nf6 3.Bxf6 gxf6 4.e3 c5 5.Nc3 cxd4 6.Qxd4 e6 7.O-O-O Nc6 8.Bb5 Bd7
9.Qh4 Be7 10.Nge2 a6 11.Bd3 b5 12.Nd4 Ne5 13.f4 f5 14.Qh5 Ng4 15.Rhe1 Nf6
16.Qf3 b4 17.Nce2 a5 18.Kb1 a4 19.h3 h5 20.g3 Qa5 21.Nc1 O-O-O 22.Qe2 Kb8
23.Nf3 Ne4 24.Bxe4 fxe4 25.Nd4 f5 26.g4 hxg4 27.hxg4 fxg4 28.Qxg4 Rdg8 29.Qe2 Kb7
30.Rg1 Qd8 31.Rgf1 Qc8 32.Rf2 Rh3 33.Qd2 Rhg3 34.f5 Rg1 35.fxe6 Bxe6 36.Nxe6 Qxe6
37.Rff1 Rxf1 38.Rxf1 Rf8 39.Rd1 Kc6 40.Ne2 Bc5 41.Nf4 Qd6 42.Qe2 Rf5 43.Qa6+ Kc7
44.Ne6+ Kd7 45.Nxc5+ Qxc5 46.Rh1 Rf7 47.Qb7+ Ke8 48.Rh8+ Rf8 49.Qa8+ Kf7
50.Rxf8+ Qxf8 51.Qxd5+ Kg7 52.Qe5+ Kh6 53.Qe6+ Kg5 54.Qe5+ Kh6 55.Qh2+ Kg5
56.Qg2+ Kh5 57.Kc1 Qf5 58.Qe2+ Kg5 59.c3 bxc3 60.bxc3 Kh4 61.Qh2+  1-0

[Event "HUN-chT 9394"]
[Site "?"]
[Date "1994.??.??"]
[Round "?"]
[White "Brandics, Jozsef"]
[Black "Rezsek, Gyozo"]
[Result "1-0"]
[WhiteElo "2280"]
[BlackElo "2085"]

1.d4 Nf6 2.Bg5 g6 3.Bxf6 exf6 4.e3 Bg7 5.Ne2 f5 6.Nf4 d6 7.Bc4 Nd7 8.Nd2 Nf6
9.Nf3 Ne4 10.c3 c6 11.Qb3 Qe7 12.h4 Bh6 13.Kf1 O-O 14.Qc2 Kg7 15.Bd3 Re8
16.b4 a5 17.b5 Bd7 18.bxc6 bxc6 19.g3 Reb8 20.Kg2 Be8 21.Rab1 d5 22.Ne2 Nf6
23.Rb2 Ng4 24.Nf4 a4 25.Rhb1 Rxb2 26.Qxb2 Kg8 27.Qb7 Qd8 28.c4 Bxf4 29.gxf4 f6
30.h5 Qc8 31.Qb6 Bf7 32.c5 Kg7 33.a3 Kg8 34.Qb7 Be8 35.Qxc8 Rxc8 36.Rb4 Ra8
37.Bc2 Nh6 38.Ne1 Nf7 39.Bxa4 Nd8 40.Nc2 Kf8 41.Bb3 g5 42.h6 Kf7 43.a4 Kg6
44.fxg5 Kxg5 45.Rb6 f4 46.a5 fxe3 47.fxe3 Rxa5 48.Rb8 Bg6 49.Rxd8 Bxc2 50.Bxc2 Ra2
51.Kf3 Rxc2 52.Rd6 Kxh6 53.Rxf6+ Kg7 54.Rxc6 h5 55.Rd6 h4 56.Rxd5 Kg6 57.Kg4  1-0

[Event "HUN-chT 9394"]
[Site "?"]
[Date "1994.??.??"]
[Round "?"]
[White "Orgovan, Sandor"]
[Black "Karsa, Laszlo"]
[Result "1/2-1/2"]
[WhiteElo "2330"]
[BlackElo "2390"]

1.d4 Nf6 2.Bg5 d5 3.Nf3 Nbd7 4.c4 e6 5.Nc3 Be7 6.Rc1 O-O 7.e3 a6 8.cxd5 exd5
9.Bd3 c6 10.Qc2 Re8 11.O-O Nf8 12.Ne5 Ng4 13.Bxe7 Qxe7 14.Nxg4 Bxg4 15.Bf5 Bxf5
16.Qxf5 Rad8 17.Ne2 Nd7 18.Ng3 g6 19.Qf4 Nb6 20.Rfe1 Nc4 21.Re2 Nd6 22.h4 f5
23.Rce1 Qf6 24.Qg5 Qxg5 25.hxg5 Nf7 26.f4 h6 27.gxh6 Nxh6 28.Nf1 Ng4 29.Nh2 Nf6
30.g4  1/2-1/2

[Event "HUN-chT 9394"]
[Site "?"]
[Date "1994.??.??"]
[Round "?"]
[White "Lajos, Janos"]
[Black "Borcsok, Laszlo"]
[Result "1-0"]
[WhiteElo "2325"]
[BlackElo "2260"]

1.d4 Nf6 2.Bg5 d5 3.Nd2 e6 4.e3 Be7 5.Bd3 b6 6.f4 Bb7 7.Qf3 c5 8.c3 Nc6 9.Nh3 c4
10.Bc2 b5 11.O-O g6 12.e4 h6 13.Bxf6 Bxf6 14.Rae1 O-O 15.Nf2 Ne7 16.e5 Bg7
17.g4 f5 18.exf6 Rxf6 19.Qg3 Qd6 20.Nh3 Rf7 21.Nf3 b4 22.Ne5 Bxe5 23.fxe5 Rxf1+
24.Rxf1 Qd7 25.Qf4  1-0

[Event "HUN-chT 9394"]
[Site "?"]
[Date "1994.??.??"]
[Round "?"]
[White "Brandics, Jozsef"]
[Black "Tegzes, Laszlo"]
[Result "1-0"]
[WhiteElo "2280"]
[BlackElo "2240"]

1.d4 Nf6 2.Bg5 g6 3.Bxf6 exf6 4.e3 Bg7 5.Ne2 O-O 6.h4 d5 7.Nf4 Re8 8.c4 c5
9.cxd5 cxd4 10.Qxd4 f5 11.Qd2 Qd6 12.Be2 Na6 13.Nc3 Bd7 14.O-O Nc5 15.Rac1 Ne4
16.Nxe4 fxe4 17.Rc4 b5 18.Rc2 Be5 19.g3 h6 20.Rfc1 Rad8 21.Rc5 a6 22.Bf1 Qf6
23.b4 g5 24.hxg5 hxg5 25.Ne2 Kg7 26.Bg2 Bd6 27.Nc3 Qh6 28.Nxe4 Bxc5 29.bxc5 Rh8
30.Qb2+ f6 31.f4 Bf5 32.Nxg5 Qh2+ 33.Kf2 Rxd5 34.Nf3 Qh6 35.Nh4 Rhd8 36.Bxd5 Rxd5
37.c6 Qh5 38.Qb4 Bc8 39.Qe7+ Qf7 40.Qxf7+ Kxf7 41.Nf3 Ke7 42.Nd4 a5 43.a3 Kd6
44.Ke2 Kc7 45.Kd3 Rh5 46.Ke4 Kb6 47.f5 Rg5 48.Kf4 Rh5 49.Rb1 Ba6 50.Nxb5 Kxc6
51.Nd4+ Kc5 52.Rc1+ Bc4 53.Nb3+  1-0

[Event "HUN-chT2 9394"]
[Site "?"]
[Date "1994.??.??"]
[Round "?"]
[White "Nemeth, Gabor"]
[Black "Balazs, Tibor Jr"]
[Result "1-0"]
[WhiteElo "2260"]
[BlackElo "2250"]

1.d4 Nf6 2.Bg5 d5 3.c4 e6 4.Nc3 Nbd7 5.Nf3 Be7 6.Rc1 c6 7.e3 h6 8.Bh4 O-O
9.Bd3 Re8 10.O-O Bd6 11.Re1 Be7 12.h3 dxc4 13.Bxc4 b5 14.Bd3 a6 15.Ne5 Bb7
16.Bg3 c5 17.Nxd7 Nxd7 18.Be4 Bxe4 19.Nxe4 c4 20.b3 Nb6 21.bxc4 Nxc4 22.a4 Nb2
23.Qe2 Nxa4 24.Nc5 Bxc5 25.dxc5 e5 26.f4 Rc8 27.Red1 Qa5 28.Qa2 Red8 29.fxe5 Rxc5
30.e6 fxe6 31.Qxe6+ Kh8 32.Qe7 Rxc1 33.Rxc1 Rg8 34.Rc6 Qd8 35.Rxh6+  1-0

[Event "HUN-chT2 9394"]
[Site "?"]
[Date "1994.??.??"]
[Round "?"]
[White "Gosztola, Istvan"]
[Black "Farkas, Gyula"]
[Result "1/2-1/2"]
[WhiteElo "2270"]
[BlackElo "2205"]

1.d4 Nf6 2.Bg5 d5 3.Bxf6 gxf6 4.e3 Bf5 5.Ne2 Nd7 6.Ng3 Bg6 7.h4 h6 8.h5 Bh7
9.Bd3 e6 10.Bxh7 Rxh7 11.Nc3 c6 12.Qd3 Rg7 13.O-O-O Bd6 14.Nce2  1/2-1/2

[Event "HUN-chT2 9394"]
[Site "?"]
[Date "1994.??.??"]
[Round "?"]
[White "Nemeth, Gabor"]
[Black "Horvath, Miklos"]
[Result "1/2-1/2"]
[WhiteElo "2260"]
[BlackElo "2275"]

1.d4 Nf6 2.Bg5 g6 3.c4 d5 4.Nc3 Ne4 5.Bf4 Nxc3 6.bxc3 Bg7 7.cxd5 Qxd5 8.Nf3 c5
9.e3 cxd4 10.exd4 Nc6 11.Be2 O-O 12.O-O Rd8 13.Nd2 Qf5 14.Bc7 Re8 15.Nc4 b6
16.Ne3 Qd7 17.Bg3 Bb7 18.Rc1 Red8 19.h4 Rac8 20.h5 Na5 21.hxg6 hxg6 22.Bg4 f5
23.Bf3 Bh6 24.Qe2 Bxf3 25.Qxf3 Qc6 26.d5 Qf6 27.d6 exd6 28.Ng4 Qf8 29.Nxh6+ Qxh6
30.Qd5+ Kh7 31.Rce1 Rd7 32.Re6 Rc5 33.Qf3 Qg7 34.Bxd6 Rxc3 35.Qa8 Nc4 36.Bf8 Qd4
37.Qe8 Rg3 38.Rfe1 Rxg2+ 39.Kxg2 Qg4+ 40.Kh2  1/2-1/2

[Event "HUN-chT2 9394"]
[Site "?"]
[Date "1994.??.??"]
[Round "?"]
[White "Puschmann, Laszlo"]
[Black "Adzic, Slobodan"]
[Result "1-0"]
[WhiteElo "2335"]
[BlackElo "2265"]

1.d4 Nf6 2.Bg5 c5 3.d5 Qb6 4.Nc3 Qxb2 5.Bd2 Qb6 6.e4 d6 7.f4 e6 8.Rb1 Qc7
9.dxe6 fxe6 10.Nf3 a6 11.a4 Nc6 12.Bc4 Nd4 13.O-O Be7 14.f5 exf5 15.Nd5 Nxd5
16.Bxd5 f4 17.Nxd4 cxd4 18.Rxf4 Bf6 19.Qh5+ g6 20.Qe2 Be5 21.Rf2 Bd7 22.Rxb7 Qxc2
23.Bf7+  1-0

[Event "HUN-chT2 9394"]
[Site "?"]
[Date "1994.??.??"]
[Round "?"]
[White "Puschmann, Laszlo"]
[Black "Frank, Jozsef"]
[Result "1/2-1/2"]
[WhiteElo "2335"]
[BlackElo "2335"]

1.d4 Nf6 2.Bg5 g6 3.Bxf6 exf6 4.e3 Bg7 5.g3 d5 6.Bg2 O-O 7.Ne2 c6 8.O-O Be6
9.Qd3 Qd7 10.Re1 Bh3 11.Bh1 Bf5 12.Qb3 Be4 13.f3 Bf5 14.Nd2 Bh6 15.Nf1 Re8
16.Nf4 Na6 17.Rad1 Rab8 18.Kf2 Qd6 19.c3 Nc7 20.Nd3 b6 21.Nf4 Bd7 22.Bg2 Ne6
23.Nxe6 Bxe6 24.Qc2 Bf5 25.e4 dxe4 26.fxe4 Bg4 27.Rd3 Rbd8 28.Ne3 Bc8 29.Qa4 Qc7
30.d5 cxd5 31.exd5 Re5 32.Qd4 Ba6 33.Rdd1 Qd7 34.Ng4 Rf5+ 35.Kg1 Bg7 36.d6 h5
37.Re7 Qb5 38.d7 hxg4 39.c4 Rxd7 40.cxb5 Rxd4 41.Rxd4 Bxb5 42.a4 Bf8 43.Rd8 Kg7
44.Rxa7 Bc5+ 45.Kh1 Bc6 46.Rd1 Bxg2+ 47.Kxg2 Rf2+ 48.Kh1 Rxb2 49.a5 bxa5
50.Rxa5 Bb6 51.Raa1 Re2  1/2-1/2

[Event "HUN-chT2 9394"]
[Site "?"]
[Date "1994.??.??"]
[Round "?"]
[White "Nemeth, Gabor"]
[Black "Banhazi, Istvan"]
[Result "1-0"]
[WhiteElo "2260"]
[BlackElo "2210"]

1.d4 Nf6 2.Bg5 c5 3.d5 d6 4.c4 Ne4 5.Bf4 g6 6.f3 Qa5+ 7.Nd2 Nf6 8.e4 Bg7
9.Qc1 O-O 10.Ne2 b5 11.cxb5 Qxb5 12.Nc3 Qe8 13.Nc4 Nbd7 14.Bh6 Rb8 15.Bxg7 Kxg7
16.Be2 Nb6 17.O-O Nxc4 18.Bxc4 Nd7 19.f4 f5 20.Qd2 Rb4 21.Bd3 e5 22.dxe6 Qxe6
23.exf5 gxf5 24.Rae1 Qf7 25.a3 Rb8 26.Bb1 Qf6 27.Rf2 Nb6 28.Ba2 Rd8 29.Qe3 c4
30.Rf3 d5 31.Rg3+ Kf7 32.Qc5 Rd7 33.Re5 h6 34.Nxd5 Nxd5 35.Bxc4 Qb6 36.Qxb6 Rxb6
37.Bxd5+ Kf6 38.b3 Rbd6 39.Bc4 Rd1+ 40.Kf2 R1d2+ 41.Re2 R2d4 42.Re6+ Kf7
43.Rc6+  1-0

[Event "Las Palmas-B"]
[Site "Las Palmas"]
[Date "1994.??.??"]
[Round "9"]
[White "Miladinovic, Igor"]
[Black "Polgar, Sofia"]
[Result "1/2-1/2"]
[WhiteElo "2480"]
[BlackElo "2450"]

1.d4 Nf6 2.Bg5 c5 3.dxc5 Ne4 4.h4 Qa5+ 5.Nd2 h6 6.Bf4 e5 7.Be3 Nxc5 8.c3 Qc7
9.Ngf3 d5 10.Bxc5 Bxc5 11.Nb3 Bd6 12.Qxd5 Be6 13.Qd2 Nc6 14.e4 a5 15.Qe3 O-O
16.Bb5 Na7 17.Bd3 a4 18.Nc1 a3 19.Qd2 axb2 20.Qxb2 Rfc8 21.Ne2 Bc4 22.Bxc4 Qxc4
23.O-O Qxe4 24.Ng3 Qc6 25.Rfe1 Rc7 26.Nxe5 Qxc3 27.Qxc3 Rxc3 28.Nf5 Ba3 29.Rab1 b5
30.Re3 Rxe3 31.Nxe3 Rd8 32.Rb3 Be7 33.Nf3 b4 34.Kf1 Nc6 35.Rb2 g6 36.Rc2 Nd4
37.Nxd4 Rxd4 38.h5 Rd7 39.hxg6 fxg6 40.Ke2 Kg7 41.Kf3  1/2-1/2

[Event "Lisbon-ch"]
[Site "Lisbon"]
[Date "1994.??.??"]
[Round "9"]
[White "Amaral, Nuno"]
[Black "Nunes, Jose Julio"]
[Result "1-0"]
[WhiteElo "2205"]
[BlackElo "2000"]

1.d4 d5 2.Bg5 Nf6 3.Bxf6 exf6 4.e3 g6 5.c4 dxc4 6.Bxc4 Bg7 7.Nc3 f5 8.Nge2 O-O
9.O-O c6 10.b4 b5 11.Bb3 a5 12.bxa5 Qxa5 13.Rc1 Nd7 14.Nb1 Bb7 15.Nf4 Qb6
16.Nd3 Rfd8 17.a4 Ba6 18.axb5 Bxb5 19.Qc2 Bf8 20.Rfd1 Rdb8 21.Nd2 Ra3 22.Rb1 Qa6
23.Bc4 Bxc4 24.Nxc4 Rxb1 25.Rxb1 Ra2 26.Qb3 c5 27.Nce5 Nxe5 28.Nxe5 Qa7 29.h3 cxd4
30.exd4 Bd6 31.Nd7 Qa6 32.Nf6+ Kf8 33.Nxh7+ Kg7 34.Ng5 Qe2 35.Rf1 Ra7 36.Qd5 Bb8
37.Nf3 Re7 38.Ng5 Qd2 39.Nf3 Qf4 40.Qb5 Bd6 41.Qd5 Bc7 42.Qc4 Bb8 43.Qd5 Bc7
44.Qc4 Bb8 45.Qc5 Bd6 46.Qd5 Bc7 47.g3 Qh6 48.Kg2 f4 49.g4 f5 50.g5 Qh7 51.Rc1 Qg8
52.Qxg8+ Kxg8 53.Rc6 Kg7 54.h4 Bb8 55.Rc5 Ba7 56.Rd5 Kf7 57.Ne5+ Ke6 58.Nxg6  1-0

[Event "Ljubljana op"]
[Site "Ljubljana"]
[Date "1994.??.??"]
[Round "?"]
[White "Podvrsnik, Marko"]
[Black "Beshukov, Sergei"]
[Result "0-1"]
[WhiteElo "2225"]
[BlackElo "2480"]

1.d4 Nf6 2.Bg5 g6 3.Bxf6 exf6 4.c4 f5 5.g3 d5 6.Bg2 dxc4 7.d5 Bg7 8.Nc3 O-O
9.Qa4 c6 10.Rd1 Qb6 11.Rd2 Qc5 12.dxc6 Nxc6 13.Bxc6 Qxc6 14.Qxc6 bxc6 15.Nf3 Be6
16.O-O Rfd8 17.Rfd1 Bf6 18.Nd4 Bd5 19.Nc2 Rdb8 20.Ne3 Be6 21.Rc1 Bg5 22.f4 Be7
23.Ncd1 Rd8 24.Rdc2 Bc5 25.Kf1 Bxe3 26.Nxe3 Rab8 27.Ke1 h5 28.h4 Kf8 29.Nd1 Ke7
30.Rc3 Rd7 31.R1c2 Bd5 32.Ra3 f6 33.Ra4 Ke6 34.Rd2 Rdb7 35.Rc2 g5 36.Kd2 gxh4
37.gxh4 Rg8 38.Ne3 Be4 39.Rcxc4 Rxb2+ 40.Ke1 Rg3 41.Rxe4+ fxe4 42.Rxe4+ Kd7
43.a4 Rg8 44.Kf2 Re8 45.Rd4+ Kc7 46.f5 Ra2 47.Rc4 Re5 48.Rf4 a6  0-1

[Event "Paris-London"]
[Site "London"]
[Date "1994.??.??"]
[Round "7"]
[White "Houska, Miroslav"]
[Black "Demarre, Jacques"]
[Result "1-0"]
[WhiteElo "2200"]
[BlackElo "2320"]

1.d4 Nf6 2.Bg5 c5 3.d5 Qa5+ 4.Bd2 Qb6 5.Nc3 d6 6.e4 g6 7.f4 Bg7 8.Bb5+ Nfd7
9.a4 O-O 10.Nf3 Na6 11.O-O Qd8 12.Qe1 Nb4 13.Rc1 a6 14.Bxd7 Bxd7 15.f5 e6
16.dxe6 fxe6 17.fxg6 h6 18.e5 Bc6 19.Ne4 dxe5 20.Nxc5 Bxf3 21.Bxb4 Qd4+ 22.Kh1 Bd5
23.Nd3 Rf5 24.Bc3 Qg4 25.Qg3 Raf8 26.Rxf5 Qxf5 27.h3 h5 28.Bxe5 h4 29.Qxh4 Qxg6
30.Rg1 Rf5 31.Nf4 Qg5 32.Qxg5 Rxg5 33.Bxg7 Kxg7 34.Nxd5 Rxd5 35.Re1 Kf6 36.Re2 Rd4
37.b3 b5 38.axb5 axb5 39.Kh2 e5 40.Kg3 Rf4 41.Rf2 Kf5 42.Rxf4+ exf4+ 43.Kf3 Ke5
44.h4  1-0

[Event "London3"]
[Site "London"]
[Date "1994.??.??"]
[Round "8"]
[White "Mortazavi, Ali"]
[Black "Martin, Benjamin"]
[Result "0-1"]
[WhiteElo "2350"]
[BlackElo "2400"]

1.d4 Nf6 2.Bg5 d5 3.Bxf6 gxf6 4.e3 c5 5.dxc5 Qa5+ 6.Nc3 e6 7.Bd3 Nc6 8.Ne2 Bd7
9.O-O Qxc5 10.e4 dxe4 11.Nxe4 Qe7 12.f4 f5 13.Ng5 O-O-O 14.c3 e5 15.Qb3 exf4
16.Nxf7 Be6 17.Bc4 Qc5+  0-1

[Event "Paris-London"]
[Site "London"]
[Date "1994.??.??"]
[Round "9"]
[White "Agnos, Demetrios"]
[Black "Demarre, Jacques"]
[Result "1-0"]
[WhiteElo "2425"]
[BlackElo "2320"]

1.d4 Nf6 2.Bg5 c5 3.Bxf6 exf6 4.c3 d5 5.e3 Nc6 6.Nf3 Bd6 7.dxc5 Bxc5 8.Nbd2 O-O
9.Nb3 Bb6 10.Be2 Re8 11.O-O Bf5 12.Nfd4 Be4 13.a4 a6 14.g3 Qd6 15.Nd2 Nxd4
16.exd4 f5 17.f3 Bc2 18.Qxc2 Rxe2 19.Rae1 Qe6 20.Rxe2 Qxe2 21.Rf2 Qe6 22.Nb3 Re8
23.Nc1 g6 24.Re2 Qd7 25.Qb3 Rxe2 26.Nxe2 Qe6 27.Kf2 g5 28.a5 Bxa5 29.Qxb7 Kg7
30.Qb8 Bb6 31.Nc1 Qc6 32.Qe5+ f6 33.Qe7+ Kg6 34.Nd3 a5 35.h4 Qc7 36.h5+ Kxh5
37.Qxf6  1-0

[Event "Maidstone Menchik op"]
[Site "Maidstone"]
[Date "1994.??.??"]
[Round "1"]
[White "Bibby, Simon"]
[Black "Maskova, Jana"]
[Result "1/2-1/2"]
[WhiteElo "2290"]
[BlackElo "2220"]

1.d4 Nf6 2.Bg5 g6 3.Bxf6 exf6 4.e3 Bg7 5.Ne2 d5 6.Nf4 Be6 7.c4 O-O 8.Nc3 dxc4
9.Nxe6 fxe6 10.Bxc4 Kh8 11.Bxe6 Nc6 12.O-O Qe7 13.Bd5 Nd8 14.Rc1 f5 15.Bf3 c6
16.d5 c5 17.Na4 Rc8 18.d6 Qe5 19.Qd5 b6 20.Rfd1 Nf7 21.d7 Rcd8 22.Qb7 Ng5
23.g3 h5 24.Bg2 h4 25.Rc4 hxg3 26.Rh4+ Nh7 27.hxg3 Bf6 28.Rc4 Qb8 29.Nc3 Rf7
30.Qc6 Nf8 31.Rd6 Kg7 32.Nd5 Nxd7 33.Nf4 Nf8 34.Rxd8 Qxd8 35.Bd5 Re7 36.Rc1 Be5
37.Rd1 Bxf4 38.exf4 Qe8 39.Kg2 Re2 40.Qxe8 Rxe8 41.Kf3 Nh7  1/2-1/2

[Event "Mar del Plata op"]
[Site "Mar del Plata"]
[Date "1994.??.??"]
[Round "7"]
[White "De las Heras, Juan Carlos"]
[Black "Perez Pietronave, Carlos"]
[Result "1-0"]
[WhiteElo "2320"]
[BlackElo "2230"]

1.d4 Nf6 2.Bg5 d5 3.e3 Nbd7 4.c4 c6 5.Nc3 e6 6.cxd5 exd5 7.Bd3 Be7 8.f4 h6
9.Bh4 Qa5 10.Nf3 Ne4 11.Bxe7 Kxe7 12.O-O f5 13.Bxe4 dxe4 14.Nh4 Nf8 15.Qh5 Bd7
16.Ng6+ Nxg6 17.Qxg6 Rhg8 18.Rfd1 Be8 19.Qg3 Bf7 20.Qh4+ g5 21.Qxh6 Rg6 22.Qh3 Rag8
23.Rd2 gxf4 24.Qh4+ Kf8 25.Qxf4 Qd8 26.g3 Rg4 27.Qe5 Qg5 28.Re1 Qh6 29.Nd5 Rxg3+
30.hxg3 Rh8 31.Qb8+  1-0

[Event "Marbach"]
[Site "Marbach"]
[Date "1994.??.??"]
[Round "?"]
[White "Werner, Veronika"]
[Black "Pribyl, Josef"]
[Result "0-1"]
[WhiteElo "2215"]
[BlackElo "2395"]

1.d4 Nf6 2.Bg5 c5 3.Bxf6 gxf6 4.d5 Qb6 5.Qc1 e6 6.c4 f5 7.e3 Na6 8.Nc3 Nc7
9.Nge2 Qa5 10.Qd2 Rb8 11.Nf4 a6 12.Rd1 b5 13.dxe6 fxe6 14.Be2 bxc4 15.O-O Qb4
16.Rb1 Bg7 17.Bh5+ Kd8 18.Nfe2 Nd5 19.a3 Qa5 20.e4 fxe4 21.Qg5+ Bf6 22.Qh6 Bxc3
23.Nxc3 Nxc3 24.bxc3 Rxb1 25.Rxb1 Kc7 26.Qf4+ d6 27.Qxe4 Qxc3 28.Bf3 d5 29.Qf4+ Kc6
30.Qb8 Qa5 31.Qa8+ Kd6 32.Rd1 Rd8 33.Bxd5 Ke7 34.Qa7+ Rd7  0-1

[Event "Wch U20"]
[Site "Matinhos"]
[Date "1994.??.??"]
[Round "?"]
[White "Miladinovic, Igor"]
[Black "Vescovi, Giovanni"]
[Result "1/2-1/2"]
[WhiteElo "2480"]
[BlackElo "2430"]

1.d4 Nf6 2.Bg5 d5 3.Bxf6 exf6 4.e3 Be6 5.Nd2 Bd6 6.Bd3 Qd7 7.h3 Nc6 8.a3 Ne7
9.Ngf3 c6 10.c4 dxc4 11.Nxc4 Bc7 12.Qc2 h6 13.Rc1 O-O 14.Ncd2 Rad8 15.b4 f5
16.Nb3 Bd5 17.Nc5 Qc8 18.Nh4 g6 19.Bc4 b6 20.Nb3 Be4 21.Qe2 Qd7 22.Nd2 b5
23.Bb3 a5 24.Nxe4 fxe4 25.g3 axb4 26.axb4 Bd6 27.Qg4 Bxb4+ 28.Ke2 Qxg4+ 29.hxg4 Kg7
30.f3 c5 31.fxe4 cxd4 32.Nf3 dxe3 33.Kxe3 Rfe8 34.Rhd1 Ba3 35.Rb1 Bc5+ 36.Ke2 Nc6
37.Rxd8 Rxd8 38.Rc1 Nd4+ 39.Nxd4 Bxd4 40.Rc7 Rf8 41.Rb7 Be5  1/2-1/2